000
00213nam a22000977a 4500
999
_c
264313
_d
264312
020
_a
9780439524735
100
_a
Jean Marzollo
245
_a
I Spy A School Bus
260
_a
USA
_b
Scholastic Inc
_c
2008
942
_c
BK